La elusin̤ constitucional Una polt̕ica de evasin̤ del control constitucional en Colombia /

Detalles Bibliográficos
Autor principal: Quinche Ramr̕ez, Manuel Fernando
Formato: eBook
Lenguaje:español
Publicado: [Colombia] : Editorial Universidad del Rosario, 2009
Materias:
Acceso en línea:Acceso restringido

MARC

LEADER 00000nam a22000007a 4500
005 20120613173511.0
007 cr|||| ||||
008 120613s2009 co |||||s|||| 00||0 spa d
020 |a 978-958-738-037-8 
035 |a 6369 
040 |a vLex 
090 |c 3174  |d 3174 
100 1 |a Quinche Ramr̕ez, Manuel Fernando 
245 1 3 |a La elusin̤ constitucional   |h [Recurso electrn̤ico] :  |b Una polt̕ica de evasin̤ del control constitucional en Colombia /  |c Manuel Fernando Quinche Ramr̕ez 
256 |a Servicio en ln̕ea 
260 |a [Colombia] :  |b Editorial Universidad del Rosario,  |c 2009 
300 |a 1 recurso electrn̤ico 
506 1 |a Contenido solo disponible en los productos indicados  |d vLex Global   |d vLex Global (Academic Edition, excluding Law Schools)   |d vLex Global (U.S. Academic Edition, Law Schools)   |d vLex Global (U.S. Academic Edition, excluding Law Schools)   |d vLex Global (Academic Edition, Law Schools)  
650 0 4 |a Derecho constitucional  |z Colombia 
740 0 |a vLex Libros (Servicio en ln̕ea) 
856 4 0 |u http://vlex.com/source/elusion-constitucional-politica-evasion-control-constitucional-colombia-6369  |z Acceso restringido 
942 |c BOOK 
999 0 |a Constitutional law